LDR 00767naa#a2200169#i#450# 001 RU\\bibl\122383 005 20260630111808.2 011 ## _a2414-3995 100 ## _a20260311b2026####ek#y0rusy0150####ca 102 ## _aRU 200 1# _aПравовое обеспечение финансовой устойчивости муниципальных медицинских учреждений _eЖурнальная статья 210 1# _aМосква _cМосковский университет МВД России имени В.Я. Кикотя _d2026 215 ## _a4 с. 608 ## _aЖурнальная статья _2local 675 ## _aПраво. Юридические науки. 34 _z 700 #1 _aКамалян _gАшот Владимирович 856 4# _amosumvd.editorum.ru _u